000
00439nam a2200145Ia 4500
008
100204s9999 xx 000 0 und d
082
_b
9803
100
_a
थोरे अशोक श्रीधर
245
_a
अज्ञात
260
_b
"रावजी प्रकाशन , डोंबिवली"
_c
1987
300
_a
179
630
_a
अज्ञात
730
_a
अज्ञात
942
_c
BOOK
999
_c
454239
_d
454236